000 00426pab a2200169 454500
008 180718b1998 xxu||||| |||| 00| 0 eng d
100 _aLingam, Lakshmi
245 _aLocating women in migration studies: an overview
260 _c1998
300 _ap.715-27
362 _aJul
650 _aWomen
650 _aMigrant education
650 _aMigrant workers
773 _aIndian Journal of Social Work
909 _a38817
999 _c38817
_d38817